[Event "Championnat de France Junior Fille"]
[Site "CALVI"]
[Date "2005.??.??"]
[Round "1"]
[White "Levacic, M."]
[Black "Penalver, M."]
[Result "1-0"]
[WhiteElo "1997"]
[BlackElo "1902"]
[PlyCount "67"]
[EventDate "2005.??.??"]
[SourceDate "2005.04.17"]

1. e4 c5 2. Nc3 Nc6 3. Bb5 g6 4. f4 Bg7 5. Nf3 e6 6. Bxc6 bxc6 7. e5 d5 8. exd6
Qxd6 9. d3 Nf6 10. O-O O-O 11. Ne5 Bb7 12. Nc4 Qc7 13. Be3 Nd5 14. Bxc5 Rfd8
15. Ne4 Ba6 16. Bd6 Qc8 17. Qe2 Bd4+ 18. Kh1 Bxc4 19. dxc4 Ne3 20. c3 Nxf1 21.
cxd4 Nxh2 22. Kxh2 f5 23. Nf6+ Kf7 24. Be5 Rf8 25. d5 exd5 26. cxd5 cxd5 27.
Qb5 Rd8 28. Rd1 Rb8 29. Bxb8 Kxf6 30. Be5+ Kf7 31. Rxd5 Rxd5 32. Qxd5+ Kf8 33.
Qd6+ Kg8 34. Qf6 1-0

[Event "Championnat de France Junior Fille"]
[Site "CALVI"]
[Date "2005.??.??"]
[Round "1"]
[White "Marchais, A."]
[Black "Swierz, S."]
[Result "0-1"]
[WhiteElo "1840"]
[BlackElo "1945"]
[PlyCount "68"]
[EventDate "2005.??.??"]
[SourceDate "2005.04.17"]

1. e4 c5 2. Nf3 e6 3. d4 cxd4 4. Nxd4 Nf6 5. Nc3 a6 6. g3 Qc7 7. Bg2 Nc6 8. O-O
Be7 9. h3 O-O 10. Re1 Nxd4 11. Qxd4 Bc5 12. Qd1 Qxg3 13. Qe2 d6 14. e5 dxe5 15.
Qxe5 Bxf2+ 16. Kf1 Bxe1 17. Qxe1 Qxe1+ 18. Kxe1 e5 19. Be3 Rd8 20. Bb6 Rd6 21.
Bc5 Rd8 22. Bb6 Re8 23. Rd1 e4 24. Rd4 Bf5 25. Na4 Rac8 26. c3 Nd7 27. Ba5 Rc6
28. c4 b6 29. Bd2 Ne5 30. Rd5 Nf3+ 31. Kd1 Be6 32. Rh5 g6 33. Rh6 Nxd2 34. Kxd2
Bxc4 0-1

[Event "Championnat de France Junior Fille"]
[Site "CALVI"]
[Date "2005.??.??"]
[Round "1"]
[White "Chaumont, A."]
[Black "Wolfangel, F."]
[Result "1-0"]
[WhiteElo "2047"]
[BlackElo "1926"]
[PlyCount "119"]
[EventDate "2005.??.??"]
[SourceDate "2005.04.17"]

1. d4 d5 2. c4 e6 3. Nc3 Nf6 4. Bg5 Nbd7 5. cxd5 exd5 6. e3 Be7 7. Nf3 c6 8.
Qc2 O-O 9. Bd3 Re8 10. O-O Ne4 11. Bxe4 dxe4 12. Nxe4 Bxg5 13. Nexg5 Nf8 14.
Ne4 Bf5 15. Nfd2 Bg6 16. Rfe1 Kh8 17. f3 f5 18. Nc5 f4 19. Qc3 b6 20. Ncb3 fxe3
21. Rxe3 Rxe3 22. Qxe3 Qd5 23. Qe5 Qd7 24. Re1 Re8 25. Qg3 Ne6 26. Qg4 Qd5 27.
Re5 Qd7 28. Ne4 Nf8 29. Qxd7 Nxd7 30. Rxe8+ Bxe8 31. Kf2 Kg8 32. Ke3 Bf7 33.
Nc1 Kf8 34. a3 Ke7 35. Nd3 h6 36. Nb4 Nb8 37. f4 a5 38. Nd3 Nd7 39. Ne5 Nxe5
40. dxe5 Ke6 41. Nd6 Bg6 42. Nc4 b5 43. Nxa5 Kd5 44. g4 Be8 45. Nb7 Bd7 46. h3
h5 47. Kf3 hxg4+ 48. hxg4 c5 49. Nd6 b4 50. axb4 cxb4 51. b3 Be6 52. Nc4 Kd4
53. Na5 Bd5+ 54. Kg3 Bf7 55. Kh4 Bd5 56. Kg5 Ke4 57. Nc4 Kd4 58. Na5 Ke4 59. f5
Kxe5 60. Kg6 1-0

[Event "Championnat de France Junior Fille"]
[Site "CALVI"]
[Date "2005.??.??"]
[Round "1"]
[White "Benmesbah, S."]
[Black "Roos, E."]
[Result "1/2-1/2"]
[WhiteElo "1800"]
[BlackElo "1950"]
[PlyCount "21"]
[EventDate "2005.??.??"]
[SourceDate "2005.04.17"]

1. e4 e6 2. d4 d5 3. exd5 exd5 4. Nf3 Nf6 5. Bf4 Be7 6. Nc3 c6 7. Be2 Bf5 8.
Rb1 O-O 9. O-O Nbd7 10. Nh4 Be6 11. Nf3 1/2-1/2

[Event "Championnat de France Junior Fille"]
[Site "CALVI"]
[Date "2005.??.??"]
[Round "1"]
[White "Ficet, A."]
[Black "Huisman, C."]
[Result "0-1"]
[WhiteElo "1730"]
[BlackElo "2017"]
[PlyCount "66"]
[EventDate "2005.??.??"]
[SourceDate "2005.04.17"]

1. e4 c5 2. c3 d5 3. exd5 Qxd5 4. d4 Nc6 5. Be3 cxd4 6. Bxd4 e5 7. Be3 Qxd1+ 8.
Kxd1 Bg4+ 9. Be2 O-O-O+ 10. Nd2 Bf5 11. Ngf3 h6 12. Bb5 Nge7 13. Kc1 g5 14. h3
Bg7 15. Nb3 a6 16. Bxc6 Nxc6 17. Nfd2 Ne7 18. Nc5 Nd5 19. Re1 Nxe3 20. Rxe3 Rd5
21. b4 Rhd8 22. Ndb3 Kb8 23. a4 h5 24. Re2 g4 25. h4 b6 26. Ne4 Bg6 27. Kb2 f5
28. Ned2 Rc8 29. a5 e4 30. Nb1 Rb5 31. Ra4 f4 32. axb6 Rxb6 33. Nc5 Rxc5 0-1

[Event "Championnat de France Junior"]
[Site "CALVI"]
[Date "2005.04.17"]
[Round "1.1"]
[White "Cornette, Matthieu"]
[Black "Korman, Remi"]
[Result "1-0"]
[WhiteElo "2362"]
[BlackElo "2035"]
[PlyCount "45"]
[EventDate "2005.??.??"]
[SourceDate "2005.04.17"]

1. e4 c5 2. Nf3 e6 3. d4 cxd4 4. Nxd4 Nf6 5. Nc3 Bb4 6. e5 Nd5 7. Bd2 Bxc3 8.
bxc3 d6 9. Qg4 O-O 10. f4 Qb6 11. Bd3 Nc6 12. Nf3 f5 13. Qg3 dxe5 14. fxe5 Nde7
15. h4 f4 16. Bxf4 Qc5 17. Bd2 Nd5 18. Ng5 h6 19. Ne4 Qe7 20. Bxh6 Rf5 21. Bg5
Qc7 22. c4 Rxe5 23. O-O 1-0

[Event "Championnat de France Junior"]
[Site "CALVI"]
[Date "2005.04.17"]
[Round "1.2"]
[White "Mora, Pascal"]
[Black "Bijaoui, Manuel"]
[Result "0-1"]
[WhiteElo "2032"]
[BlackElo "2345"]
[PlyCount "88"]
[EventDate "2005.??.??"]
[SourceDate "2005.04.17"]

1. e4 c5 2. Nf3 d6 3. d4 cxd4 4. Nxd4 Nf6 5. Nc3 a6 6. a4 e5 7. Nb3 Be6 8. Be2
Be7 9. O-O O-O 10. f4 Nbd7 11. Kh1 Rc8 12. f5 Bc4 13. g4 d5 14. g5 Nxe4 15.
Nxe4 dxe4 16. f6 gxf6 17. Bxc4 Rxc4 18. gxf6 Nxf6 19. Bh6 Qxd1 20. Raxd1 Ng4
21. Bxf8 Kxf8 22. Rd2 Bg5 23. Re2 e3 24. Kg2 Nf2 25. h3 Bf4 26. c3 Rc6 27. Rg1
b6 28. Na1 Rg6+ 29. Kf1 Rh6 30. Nc2 Rxh3 31. Nb4 Ne4 32. Ke1 Bg3+ 33. Kd1 Bf2
34. Rg2 f5 35. Nd3 f4 36. Nxe5 f3 37. Nxf3 Rxf3 38. Rg4 Ng3 39. Rc2 e2+ 40.
Rxe2 Nxe2 41. Kxe2 Rf6 42. b4 h6 43. c4 Kf7 44. Kd3 h5 0-1

[Event "Championnat de France Junior"]
[Site "CALVI"]
[Date "2005.04.17"]
[Round "1.3"]
[White "Terrieux, Kevin"]
[Black "Giraudo, Samuel"]
[Result "1-0"]
[WhiteElo "2300"]
[BlackElo "2030"]
[PlyCount "63"]
[EventDate "2005.??.??"]
[SourceDate "2005.04.17"]

1. d4 d5 2. c4 c6 3. cxd5 cxd5 4. Nf3 Nf6 5. Nc3 Nc6 6. Bf4 Ne4 7. e3 Nxc3 8.
bxc3 g6 9. c4 Bg7 10. cxd5 Qxd5 11. Be2 O-O 12. O-O b6 13. Nd2 Bb7 14. Bf3 Qd7
15. Rc1 Rac8 16. Bg4 f5 17. Bf3 Na5 18. Bxb7 Qxb7 19. Qa4 Rxc1 20. Rxc1 Rc8 21.
Rxc8+ Qxc8 22. h3 Qc6 23. Qa3 Bf8 24. Qd3 b5 25. d5 Qc1+ 26. Kh2 Nc4 27. Nb3
Qb2 28. d6 exd6 29. Qd5+ Kg7 30. Nd4 Nb6 31. Qe6 Qc3 32. Bh6+ {Diagramme #} 1-0

[Event "Championnat de France Junior"]
[Site "CALVI"]
[Date "2005.04.17"]
[Round "1.4"]
[White "Cwiek, Loic"]
[Black "Gregoire, Sylvain"]
[Result "0-1"]
[WhiteElo "2024"]
[BlackElo "2280"]
[PlyCount "48"]
[EventDate "2005.??.??"]
[SourceDate "2005.04.17"]

1. d4 d5 2. Nf3 Nf6 3. e3 c6 4. Bd3 Bg4 5. c4 Nbd7 6. Qb3 Qb6 7. Qxb6 axb6 8.
Nbd2 dxc4 9. Bxc4 b5 10. Bd3 e6 11. O-O Be7 12. b3 O-O 13. a4 Nb6 14. Bc2 Nfd5
15. Ba3 Bxa3 16. Rxa3 Bxf3 17. Nxf3 Nc3 18. Ne5 Nbd5 19. Nd3 Ra7 20. a5 b4 21.
Raa1 Rfa8 22. f3 Nxe3 23. Rf2 Rxa5 24. Re1 Ra1 0-1

[Event "Championnat de France Junior"]
[Site "CALVI"]
[Date "2005.04.17"]
[Round "1.5"]
[White "Vitoux, Colomban"]
[Black "Saez, Nicolas"]
[Result "1-0"]
[WhiteElo "2265"]
[BlackElo "2023"]
[PlyCount "67"]
[EventDate "2005.??.??"]
[SourceDate "2005.04.17"]

1. e4 e5 2. d4 exd4 3. Nf3 Bc5 4. Nxd4 Nc6 5. Be3 Qf6 6. c3 Nge7 7. Bc4 O-O 8.
O-O d6 9. Kh1 Ne5 10. Be2 Qg6 11. f4 Ng4 12. Bg1 f5 13. exf5 Nxf5 14. Bxg4 Ng3+
15. hxg3 Bxg4 16. Qb3+ Kh8 17. Nd2 Rae8 18. Rfe1 Bxd4 19. Rxe8 Rxe8 20. cxd4
Be6 21. Qb5 h6 22. Bf2 c6 23. Qb4 Bd5 24. Re1 Qh5+ 25. Kg1 Rxe1+ 26. Bxe1 Qe2
27. Bf2 Qd1+ 28. Nf1 Qe2 29. a3 Bc4 30. Ne3 b5 31. f5 Bf7 32. g4 h5 33. g5 h4
34. g6 1-0

[Event "Championnat de France Junior"]
[Site "CALVI"]
[Date "2005.04.17"]
[Round "1.6"]
[White "Faure, Nicolas"]
[Black "Fargere, Francois"]
[Result "0-1"]
[WhiteElo "2008"]
[BlackElo "2259"]
[PlyCount "88"]
[EventDate "2005.??.??"]
[SourceDate "2005.04.17"]

1. e4 c5 2. Nf3 Nc6 3. d4 cxd4 4. Nxd4 g6 5. c4 Bg7 6. Be3 Nf6 7. Nc3 d6 8. Be2
O-O 9. O-O Bd7 10. Qd2 Nxd4 11. Bxd4 Bc6 12. f3 Nd7 13. Be3 a5 14. b3 Nc5 15.
Rab1 Qb6 16. Rfc1 Rfc8 17. Kh1 Qd8 18. Nd5 e6 19. Nf4 Qe7 20. Rd1 Rd8 21. Qe1
Bf6 22. Bd4 Bxd4 23. Rxd4 Qf6 24. Qd2 e5 25. Nd5 Bxd5 26. Rxd5 Kf8 27. a3 a4
28. bxa4 Rxa4 29. Rd1 b6 30. Qb2 Ra6 31. Qb5 Qe7 32. Qc6 Kg7 33. Rxd6 Rxd6 34.
Qxd6 Qxd6 35. Rxd6 Rxa3 36. Kg1 Rb3 37. Kf2 Ne6 38. Rd3 Rb2 39. g3 Nd4 40. Re3
Kf6 41. Kf1 Ke6 42. h4 Kd6 43. Bd1 Kc5 44. Ra3 Rb1 0-1

[Event "Championnat de France Junior"]
[Site "CALVI"]
[Date "2005.04.17"]
[Round "1.8"]
[White "Galby, Vassili"]
[Black "Besson, Bastien"]
[Result "1/2-1/2"]
[WhiteElo "1946"]
[BlackElo "2238"]
[PlyCount "53"]
[EventDate "2005.??.??"]
[SourceDate "2005.04.17"]

1. e4 d6 2. c4 e5 3. Nf3 Nc6 4. d4 Bg4 5. d5 Nd4 6. Be2 Nxe2 7. Qxe2 Nf6 8. h3
Bh5 9. Nc3 Be7 10. Be3 c6 11. O-O O-O 12. a3 c5 13. Bd2 Qd7 14. Qd3 Ne8 15. Nh2
Bg6 16. f4 exf4 17. Bxf4 Bf6 18. Nf3 Bxc3 19. bxc3 Nf6 20. Rfe1 Rfe8 21. Nd2
Nh5 22. Bh2 Re7 23. Re2 Rae8 24. Rae1 Nf6 25. Qg3 Re5 26. Qf3 R5e7 27. Qg3
1/2-1/2

[Event "Championnat de France Junior"]
[Site "CALVI"]
[Date "2005.04.17"]
[Round "1.9"]
[White "Perez, Flavio"]
[Black "Zermiche, Cherif"]
[Result "1-0"]
[WhiteElo "2237"]
[BlackElo "1943"]
[PlyCount "69"]
[EventDate "2005.??.??"]
[SourceDate "2005.04.17"]

1. e4 c5 2. Nc3 e6 3. g3 g6 4. Bg2 Bg7 5. d3 Ne7 6. Be3 Qb6 7. Rb1 Nbc6 8. Qd2
Nd4 9. Nge2 Nxe2 10. Kxe2 Qc6 11. Rhe1 d5 12. exd5 Nxd5 13. Nxd5 exd5 14. Kf1
O-O 15. Kg1 Be6 16. c3 Rfd8 17. Rbd1 Qb6 18. d4 c4 19. b3 Rdc8 20. Bf1 cxb3 21.
Rb1 Bf5 22. Rxb3 Qc6 23. Bb5 Qf6 24. Bg5 Qd6 25. Bf4 Qd8 26. Re8+ Qxe8 27. Bxe8
Rxe8 28. Rxb7 Bg4 29. Kg2 Re2 30. Qd3 Rae8 31. Rxa7 Bf5 32. Qxe2 Rxe2 33. Ra8+
Bf8 34. Bh6 Be4+ 35. Kf1 1-0

[Event "Championnat de France Junior"]
[Site "CALVI"]
[Date "2005.04.17"]
[Round "1.10"]
[White "Fillaudeau, Emmanuel"]
[Black "Karim, Ismael"]
[Result "0-1"]
[WhiteElo "1900"]
[BlackElo "2230"]
[PlyCount "50"]
[EventDate "2005.??.??"]
[SourceDate "2005.04.17"]

1. e4 g6 2. Nc3 Bg7 3. f4 c6 4. Bc4 e6 5. Bb3 d5 6. e5 c5 7. a3 Nh6 8. Nf3 O-O
9. Ne2 f6 10. d4 fxe5 11. dxe5 b5 12. c3 a5 13. Be3 Qe7 14. Bc2 Nc6 15. O-O Ba6
16. Nd2 Ng4 17. Rf3 Ncxe5 18. Rh3 Nxe3 19. Rxe3 Ng4 20. Rh3 b4 21. axb4 axb4
22. Nc1 Rxf4 23. Nd3 c4 24. Nxf4 {Diagram #} 24... Qc5+ 25. Kh1 Nf2+ 0-1

[Event "Championnat de France Junior"]
[Site "CALVI"]
[Date "????.??.??"]
[Round "2.1"]
[White "Pucher, Sebastien"]
[Black "Cornette, Matthieu"]
[Result "0-1"]
[WhiteElo "2181"]
[BlackElo "2362"]
[PlyCount "92"]
[EventDate "2005.??.??"]
[SourceDate "2005.04.17"]

1. e4 c5 2. Nf3 e6 3. Nc3 Nc6 4. d4 cxd4 5. Nxd4 Qc7 6. g3 a6 7. Bg2 h5 8. h3
Nf6 9. O-O Bc5 10. Be3 Ne5 11. a4 Nc4 12. Bc1 d6 13. b3 Ne5 14. Be3 Bd7 15.
Nce2 Ng6 16. c4 Rd8 17. Kh1 Qc8 18. Kh2 e5 19. Nc2 h4 20. g4 b5 21. axb5 axb5
22. Nc3 bxc4 23. bxc4 Bxe3 24. Nxe3 O-O 25. Qd2 Be6 26. Ncd5 Bxd5 27. cxd5 Nf4
28. Rfc1 Qd7 29. f3 g6 30. Bf1 Nh7 31. Nc4 Qe7 32. Qe3 Rd7 33. Na5 Qg5 34. Ra3
Rb8 35. Rc2 Rb1 36. Bg2 Qf6 37. Rac3 Ng5 38. Rc1 Rb5 39. Nc6 Rdb7 40. R1c2 Rb1
41. Na5 Ra7 42. Nb3 Ra3 43. Nd2 Rxc3 44. Rxc3 Rd1 45. Rb3 Kg7 46. Rb1 Nxg2 0-1

[Event "Championnat de France Junior"]
[Site "CALVI"]
[Date "????.??.??"]
[Round "2.2"]
[White "Bijaoui, Manuel"]
[Black "Laval, Brice"]
[Result "1/2-1/2"]
[WhiteElo "2345"]
[BlackElo "2163"]
[PlyCount "142"]
[EventDate "2005.??.??"]
[SourceDate "2005.04.17"]

1. e4 d6 2. d4 Nf6 3. Nc3 Nbd7 4. g4 h6 5. Be3 e5 6. h3 c6 7. Nge2 b5 8. a3 Bb7
9. Bg2 a5 10. Ng3 g6 11. O-O h5 12. gxh5 Nxh5 13. Nxh5 Rxh5 14. f4 exd4 15.
Qxd4 c5 16. Qd1 b4 17. Ne2 Qe7 18. axb4 axb4 19. Rxa8+ Bxa8 20. Qd3 Bc6 21. Ra1
Nb8 22. c3 Qb7 23. Ng3 Rh7 24. f5 Nd7 25. fxg6 fxg6 26. cxb4 Ne5 27. Qb3 c4 28.
Qc3 Rf7 29. Ra7 Qb5 30. Rxf7 Kxf7 31. Bd4 Bd7 32. Bf1 Be6 33. b3 Nd3 34. bxc4
Bxc4 35. Qd2 Bg7 36. Bxg7 Kxg7 37. Bxd3 Bxd3 38. Qc3+ Kf7 39. Qc7+ Ke6 40. Qc8+
Kf7 41. Qc7+ Ke6 42. Qc8+ Kf7 43. Qg4 Bc4 44. Qf4+ Ke7 45. Qd2 Qe5 46. Kg2 Be6
47. h4 Kd7 48. Qf2 Kc6 49. Qe2 Kb6 50. Qe3+ Kb5 51. Ne2 Kxb4 52. Nd4 Kc4 53.
Nf3 Qf6 54. Kg3 Kb5 55. Qg5+ Qxg5+ 56. Nxg5 Bg8 57. Kf4 Kc6 58. Nh3 d5 59. e5
d4 60. Nf2 Be6 61. Ng4 Kd5 62. Nf6+ Kc4 63. Ne4 Bf5 64. Nd6+ Kd5 65. Nxf5 gxf5
66. Kxf5 d3 67. e6 d2 68. e7 d1=Q 69. e8=Q Qf3+ 70. Kg5 Qg3+ 71. Kh6 Qxh4+
1/2-1/2

[Event "Championnat de France Junior"]
[Site "CALVI"]
[Date "????.??.??"]
[Round "2.3"]
[White "Debeaune, Robin"]
[Black "Terrieux, Kevin"]
[Result "0-1"]
[WhiteElo "2165"]
[BlackElo "2300"]
[PlyCount "91"]
[EventDate "2005.??.??"]
[SourceDate "2005.04.17"]

1. e4 c5 2. Nf3 Nc6 3. d4 cxd4 4. Nxd4 e6 5. Nc3 Qc7 6. Be2 a6 7. Be3 Nf6 8.
O-O Be7 9. f4 d6 10. Kh1 Bd7 11. Qe1 b5 12. a3 O-O 13. Qg3 Rfc8 14. Rad1 Bf8
15. f5 e5 16. Nf3 b4 17. axb4 Nxb4 18. Ne1 Bc6 19. Qh4 Qb7 20. Rf3 Be7 21. Rh3
Bxe4 22. Bf3 d5 23. Bxe4 dxe4 24. Bg5 Rd8 25. Bxf6 Bxf6 26. Qxh7+ Kf8 27. Qh5
Nd5 28. Nxd5 Rxd5 29. Qe2 Kg8 30. Qh5 Kf8 31. Qe2 Rxd1 32. Qxd1 Ke7 33. Rb3 Qd7
34. Qe2 Qxf5 35. Rb7+ Kf8 36. Qc4 Bg5 37. Qc5+ Kg8 38. Kg1 Rd8 39. Qf2 Qe6 40.
Rb6 Qa2 41. Qe2 Qb1 42. Qxe4 Bd2 43. Kf2 Bxe1+ 44. Qxe1 Qxc2+ 45. Kg3 Rd3+ 46.
Kh4 0-1

[Event "Championnat de France Junior"]
[Site "CALVI"]
[Date "2005.04.18"]
[Round "2.4"]
[White "Gregoire, Sylvain"]
[Black "Flament, Francois"]
[Result "0-1"]
[WhiteElo "2280"]
[BlackElo "2159"]
[PlyCount "86"]
[EventDate "2005.??.??"]
[SourceDate "2005.04.17"]

1. d4 Nf6 2. c4 e6 3. Nf3 b6 4. e3 Bb7 5. Bd3 c5 6. O-O cxd4 7. exd4 Be7 8. Nc3
d5 9. cxd5 Nxd5 10. Bb5+ Bc6 11. Qa4 Qd7 12. Nxd5 Qxd5 13. Bxc6+ Nxc6 14. Be3
O-O 15. Rfc1 Rfc8 16. Rc3 b5 17. Qc2 Bb4 18. Ng5 f5 19. Rc5 Bxc5 20. dxc5 Rd8
21. h4 Rac8 22. Qe2 h6 23. Nh3 e5 24. f4 Qd3 25. Qf2 e4 26. Kh2 Nb4 27. Rc1 Nd5
28. Re1 Nxe3 29. Rxe3 Qd4 30. Qg3 Rxc5 31. Ra3 Rc6 32. Qb3+ Qc4 33. Qe3 Qc5 34.
Qb3+ Kh7 35. Qf7 Rf8 36. Qh5 Kg8 37. Ng1 Qd6 38. Ne2 Qg6 39. Qxg6 Rxg6 40. Rxa7
Rd8 41. b4 Rd2 42. Ng3 Re6 43. Nxf5 e3 0-1

[Event "Championnat de France Junior"]
[Site "CALVI"]
[Date "????.??.??"]
[Round "2.5"]
[White "Boizante, Yvain"]
[Black "Vitoux, Colomban"]
[Result "0-1"]
[WhiteElo "2160"]
[BlackElo "2265"]
[PlyCount "129"]
[EventDate "2005.??.??"]
[SourceDate "2005.04.17"]

1. e4 c5 2. Nf3 Nc6 3. Bb5 e6 4. Bxc6 bxc6 5. O-O Ne7 6. Nc3 Ng6 7. e5 f6 8. d4
cxd4 9. Qxd4 Be7 10. Ne4 fxe5 11. Nd6+ Bxd6 12. Qxd6 Qe7 13. Qxe7+ Kxe7 14.
Bg5+ Kf7 15. Rfe1 h6 16. Bd2 d6 17. Ba5 Rb8 18. b3 Ke7 19. Rad1 Rb7 20. Rd2 c5
21. c4 Rd7 22. Red1 Bb7 23. Ne1 Rc8 24. Nc2 d5 25. Bc3 d4 26. Bb2 Kf7 27. Ba3
a5 28. f3 e4 29. fxe4 Bxe4 30. Rf1+ Kg8 31. Ne1 e5 32. Bc1 Nf4 33. Nf3 Bxf3 34.
gxf3 d3 35. Bb2 Re8 36. Re1 Rde7 37. Re4 g5 38. Ba3 Rc7 39. Bb2 Rce7 40. Ba3
Ne2+ 41. Kg2 Nc3 42. Re1 e4 43. fxe4 Rd7 44. Bxc5 Rxe4 45. Bf2 Rxe1 46. Bxe1
Ne4 47. Rd1 d2 48. Bxd2 g4 49. a3 Rxd2+ 50. Rxd2 Nxd2 51. c5 Kf7 52. b4 axb4
53. axb4 Ne4 54. Kf1 Ke6 55. Ke2 h5 56. Ke3 Ke5 57. c6 Nd6 58. c7 h4 59. Ke2
Ke4 60. Kf2 Nc8 61. Ke2 Nb6 62. Kf2 Kd3 63. Kg2 Ke2 64. Kg1 Kf3 65. b5 0-1

[Event "Championnat de France Junior"]
[Site "CALVI"]
[Date "2005.04.18"]
[Round "2.6"]
[White "Fargere, Francois"]
[Black "Lavanant, Alexandre"]
[Result "1-0"]
[WhiteElo "2259"]
[BlackElo "2130"]
[PlyCount "60"]
[EventDate "2005.??.??"]
[SourceDate "2005.04.17"]

1. e4 e6 2. d4 d5 3. Nd2 Nf6 4. e5 Nfd7 5. Bd3 c5 6. c3 Nc6 7. Ne2 cxd4 8. cxd4
f6 9. exf6 Nxf6 10. O-O Bd6 11. Nf3 O-O 12. Bf4 Nh5 13. Bxd6 Qxd6 14. Qb1 Nf6
15. Ng5 h6 16. Nh7 Nxh7 17. Bxh7+ Kh8 18. f4 Bd7 19. Bc2 Rac8 20. Qd1 e5 21.
fxe5 Rxf1+ 22. Kxf1 Qf8+ 23. Kg1 Nb4 24. Bb3 Bg4 25. h3 Bh5 26. Qd2 Bxe2 27.
Qxe2 Qf4 28. Qf2 Rc1+ 29. Rxc1 Qxc1+ 30. Kh2 Qg5 1-0

[Event "Championnat de France Junior"]
[Site "CALVI"]
[Date "2005.04.18"]
[Round "2.7"]
[White "Steinle, Thibaud"]
[Black "Jessel, Stephen"]
[Result "0-1"]
[WhiteElo "2138"]
[BlackElo "2256"]
[PlyCount "58"]
[EventDate "2005.??.??"]
[SourceDate "2005.04.17"]

1. e4 e6 2. b3 d5 3. Bb2 dxe4 4. Nc3 Nf6 5. Qe2 Be7 6. Nxe4 c5 7. Nf3 Nc6 8. g3
O-O 9. Bg2 Qc7 10. O-O e5 11. Rfe1 Re8 12. Nfg5 Nxe4 13. Nxe4 Be6 14. Qh5 Rad8
15. Ng5 Bxg5 16. Qxg5 f6 17. Qe3 Nd4 18. Be4 f5 19. c3 f4 20. gxf4 exf4 21. Qd3
Nxb3 22. axb3 Rxd3 23. Bxd3 Qd7 24. Be4 b6 25. c4 Kf8 26. Bc3 a5 27. Kh1 g6 28.
Re2 Bg4 29. f3 Rxe4 0-1

[Event "Championnat de France Junior"]
[Site "CALVI"]
[Date "2005.04.18"]
[Round "2.8"]
[White "Sebbah, Julien"]
[Black "Perez, Flavio"]
[Result "0-1"]
[WhiteElo "2129"]
[BlackElo "2237"]
[PlyCount "50"]
[EventDate "2005.??.??"]
[SourceDate "2005.04.17"]

1. d4 d5 2. Nf3 Nf6 3. Bf4 e6 4. e3 c5 5. c3 Nc6 6. Nbd2 Be7 7. h3 O-O 8. Bd3
a6 9. Qc2 h6 10. O-O b5 11. Ne5 Nxe5 12. Bxe5 Nd7 13. Bh2 Bb7 14. f4 Rc8 15.
Qd1 Bf6 16. Bb1 b4 17. Qc2 g6 18. Qd1 bxc3 19. bxc3 Qa5 20. Qb3 Ba8 21. Nf3
cxd4 22. Bxg6 fxg6 23. Qb1 Kh7 24. Ne5 Bxe5 25. fxe5 Qxc3 0-1

[Event "Championnat de France Junior"]
[Site "CALVI"]
[Date "2005.04.18"]
[Round "2.9"]
[White "Karim, Ismael"]
[Black "Debray, Tristan"]
[Result "1-0"]
[WhiteElo "2230"]
[BlackElo "2108"]
[PlyCount "47"]
[EventDate "2005.??.??"]
[SourceDate "2005.04.17"]

1. e4 d5 2. exd5 Qxd5 3. Nc3 Qd6 4. d4 Nf6 5. Nf3 a6 6. g3 b5 7. Bg2 Bb7 8. O-O
e6 9. Bf4 Qb6 10. a4 Bd6 11. Be3 Ng4 12. Ng5 Bxg2 13. Kxg2 Qc6+ 14. d5 Nxe3+
15. fxe3 exd5 16. axb5 axb5 17. Rxa8 Qxa8 18. Qh5 g6 19. Qf3 f5 20. Nxd5 Qc6
21. e4 O-O 22. e5 Bc5 23. b4 Rd8 {Diagramme #} 24. Nf6+ 1-0

[Event "Championnat de France Junior"]
[Site "CALVI"]
[Date "2005.04.18"]
[Round "2.10"]
[White "Sorin, Baptiste"]
[Black "Pietrasanta, Jeremy"]
[Result "1-0"]
[WhiteElo "2082"]
[BlackElo "2220"]
[PlyCount "55"]
[EventDate "2005.??.??"]
[SourceDate "2005.04.17"]

1. e4 g6 2. d4 Bg7 3. Nc3 c6 4. f4 d5 5. e5 Nh6 6. Be3 Qb6 7. Na4 Qa5+ 8. c3 f6
9. Nc5 Qd8 10. Be2 b6 11. Nd3 Bf5 12. Nf3 Be4 13. O-O O-O 14. Nf2 f5 15. Ng5
Qd7 16. Qb3 e6 17. Rac1 b5 18. a4 a6 19. axb5 axb5 20. Ra1 Na6 21. Ra2 Nf7 22.
Nxf7 Kxf7 23. Rfa1 Nc7 24. Ra7 Rfb8 25. Rxa8 Nxa8 26. Nxe4 dxe4 27. d5 Nb6 $11
{Diagramme #} 28. dxe6+ 1-0

[Event "Championnat de France Junior Fille"]
[Site "CALVI"]
[Date "2005.04.18"]
[Round "2.1"]
[White "Penalver, Marion"]
[Black "Huisman, Chloe"]
[Result "0-1"]
[WhiteElo "1902"]
[BlackElo "2017"]
[PlyCount "76"]
[EventDate "2005.??.??"]
[SourceDate "2005.04.17"]

1. e4 g6 2. d4 Bg7 3. Nf3 d6 4. Bc4 Nf6 5. Nc3 c6 6. Bb3 O-O 7. Bf4 b5 8. e5
Nh5 9. Bg5 h6 10. Bh4 Qc7 11. exd6 exd6 12. O-O Bg4 13. Ne4 d5 14. Ng3 Nf4 15.
h3 Bxf3 16. Qxf3 g5 17. Nf5 gxh4 18. c3 Ng6 19. Bc2 Nd7 20. Qd3 Nf6 21. Rfe1
Rae8 22. a4 a6 23. Qd2 Ne4 24. Qc1 Qf4 25. Qxf4 Nxf4 26. f3 Ng3 27. Ne7+ Kh8
28. Nxc6 Nfe2+ 29. Kf2 Re6 30. axb5 axb5 31. Ne5 Bxe5 32. dxe5 Nf4 33. Ra7 Kg8
34. Rb7 Rfe8 35. Rxb5 Rxe5 36. Rxe5 Rxe5 37. Be4 dxe4 38. Rxe5 Nd3+ 0-1

[Event "Championnat de France Junior Fille"]
[Site "CALVI"]
[Date "????.??.??"]
[Round "2.2"]
[White "Roos, Eliane"]
[Black "Ficet, Aline"]
[Result "1/2-1/2"]
[WhiteElo "1950"]
[BlackElo "1730"]
[PlyCount "118"]
[EventDate "2005.??.??"]
[SourceDate "2005.04.17"]

1. d4 f5 2. c4 g6 3. Nc3 Bg7 4. Nf3 Nf6 5. Qc2 d6 6. g3 O-O 7. Bg2 Nc6 8. O-O
e5 9. dxe5 dxe5 10. Rd1 Qe7 11. Bg5 Qf7 12. Bxf6 Bxf6 13. Nd5 Be6 14. a3 e4 15.
Nxf6+ Qxf6 16. Nd2 Nd4 17. Qa4 Nxe2+ 18. Kf1 Nd4 19. c5 a6 20. Nxe4 fxe4 21.
Qxd4 Qxd4 22. Rxd4 e3 23. Rf4 Rxf4 24. gxf4 exf2 25. Kxf2 Rd8 26. Bxb7 Rd2+ 27.
Kg3 Rxb2 28. Bxa6 Rc2 29. a4 Rxc5 30. a5 Rc3+ 31. Kf2 Bd5 32. Bc8 Rb3 33. a6
Rb8 34. Bd7 Ra8 35. Ke3 Kf7 36. Kd4 Ke7 37. Bg4 Kd6 38. Ra5 Bg2 39. Be2 Re8 40.
Bd3 Ba8 41. a7 c6 42. Ra6 Bb7 43. Ra5 Ba8 44. Re5 Rf8 45. f5 Rf7 46. Re6+ Kd7
47. fxg6 hxg6 48. Rxg6 Kc7 49. Kc5 Kb7 50. Rxc6 Kxa7 51. Ra6+ Kb8 52. Rb6+ Kc7
53. h4 Bf3 54. Ra6 Kd8 55. Bg6 Rf4 56. h5 Bxh5 57. Ra8+ Ke7 58. Ra7+ Kf6 59.
Ra6+ Ke7 1/2-1/2

[Event "Championnat de France Junior Fille"]
[Site "CALVI"]
[Date "????.??.??"]
[Round "2.3"]
[White "Wolfangel, Florence"]
[Black "Benmesbah, Sarah"]
[Result "1-0"]
[WhiteElo "1926"]
[BlackElo "1800"]
[PlyCount "127"]
[EventDate "2005.??.??"]
[SourceDate "2005.04.17"]

1. d4 f5 2. c4 Nf6 3. Nc3 e6 4. Nf3 d5 5. e3 c6 6. Bd3 Bd6 7. Rb1 O-O 8. O-O
Nbd7 9. b4 Ne4 10. Qc2 Ndf6 11. b5 c5 12. dxc5 Bxc5 13. cxd5 Nxc3 14. Qxc3 Qxd5
15. Bc4 Ne4 16. Qb3 Qd6 17. Bb2 Qe7 18. Rbd1 b6 19. Nd4 Bxd4 20. Rxd4 Nc5 21.
Qc2 Bb7 22. Ba3 Qg5 23. f4 Qf6 24. Rd6 Rfe8 25. Bxc5 bxc5 26. Qb3 Bc8 27. Qa3
Bb7 28. Qxc5 Rac8 29. Qd4 Qxd4 30. Rxd4 Rc5 31. Rfd1 Bd5 32. Bxd5 exd5 33. Rxd5
Rxd5 34. Rxd5 Rxe3 35. Rd8+ Kf7 36. Rd7+ Re7 37. Rd3 Re1+ 38. Kf2 Rb1 39. Rd7+
Kf8 40. Rxa7 Rxb5 41. a4 Rb2+ 42. Kg3 Rb3+ 43. Kh4 Rb2 44. Kh3 Rb3+ 45. g3 h6
46. Kh4 Rb2 47. h3 Rb4 48. Kh5 Kg8 49. Kg6 Rb6+ 50. Kxf5 Rb3 51. Kg4 Kh7 52. a5
Rb5 53. Kh4 Rb4 54. a6 Ra4 55. Kg4 Kg6 56. h4 Ra5 57. h5+ Kh7 58. Ra8 Ra3 59.
a7 Ra5 60. Kf3 Ra4 61. Ke3 g6 62. hxg6+ Kxg6 63. Rg8+ Kf7 64. a8=Q 1-0